000 00224nam a2200097Ia 4500
008 190216s9999||||xx |||||||||||||| ||und||
100 _aNull
245 0 _aHindi-100 Adarsh Niband
260 _bRajakamal Prakashan
942 _cBK
999 _c16958
_d16958